[Event "Mumbai One Wealth op 04"]
[Site "Mumbai"]
[Date "2024.03.17"]
[Round "7"]
[White "Butala, Krish"]
[Black "Vihaan, Ravi Rao"]
[Result "1-0"]
[WhiteElo "1659"]
[BlackElo "1532"]
[PlyCount "119"]
[EventDate "2024.03.11"]
[EventType "swiss"]
[EventRounds "7"]
[EventCountry "IND"]
[SourceTitle "EXT 2025"]
[Source "ChessBase"]
[SourceDate "2024.10.14"]
[SourceVersion "1"]
[SourceVersionDate "2024.10.14"]
[SourceQuality "1"]

1. e4 c5 2. Nf3 d6 3. d4 cxd4 4. Nxd4 Nf6 5. Nc3 a6 6. Be3 e6 7. Qd2 Be7 8. Be2 Qc7 9. f4 0-0 10. g4 b5 11. a3 Bb7 12. Bf3 Nc6 13. g5 Nd7 14. Nce2 Nb6 15. b3 Nxd4 16. Nxd4 d5 17. e5 Rac8 18. h4 Qc3 19. Qxc3 Rxc3 20. Bd2 Rc7 21. Ba5 Bc5 22. c3 Bxd4 23. cxd4 Rc6 24. Rh3 Rfc8 25. Bd1 Nd7 26. h5 Rc1 27. Rxc1 Rxc1 28. Bc3 Nb8 29. Kd2 Rb1 30. Kc2 Rxd1 31. Kxd1 Nc6 32. Ke2 g6 33. h6 Kf8 34. Ke3 Ke8 35. Rh2 Kd7 36. Rc2 a5 37. Be1 Bc8 38. Rc5 Ba6 39. Bc3 a4 40. bxa4 bxa4 41. f5 Bc4 42. f6 Kc7 43. Rxc4 dxc4 44. d5 exd5 45. e6 Nb8 46. Be5+ Kd8 47. e7+ Ke8 48. Bxb8 c3 49. Kd3 d4 50. Be5 c2 51. Kxc2 d3+ 52. Kxd3 Kd7 53. Kc4 Ke8 54. Kb5 Kd7 55. Kxa4 Ke8 56. Kb4 Kd7 57. a4 Ke8 58. a5 Kd7 59. a6 Kc8 60. e8Q# 1-0

[Event "Mumbai One Wealth op"]
[Site "Mumbai"]
[Date "2024.02.10"]
[Round "6"]
[White "Vihaan, Ravi Rao"]
[Black "Devesh, Anil Ambre"]
[Result "1/2-1/2"]
[WhiteElo "1184"]
[BlackElo "1276"]
[PlyCount "116"]
[EventDate "2024.02.05"]
[EventType "swiss"]
[EventRounds "7"]
[EventCountry "IND"]
[SourceTitle "CBM 218 Extra"]
[Source "ChessBase"]
[SourceDate "2024.03.31"]
[SourceVersion "1"]
[SourceVersionDate "2024.03.31"]
[SourceQuality "1"]

1. e4 c5 2. c4 Nc6 3. Nc3 g6 4. g3 Bg7 5. Bg2 a6 6. Nge2 Rb8 7. a4 d6 8. 0-0 h5 9. h4 Nf6 10. d3 Bd7 11. f4 Qc8 12. Rb1 Ng4 13. Nd5 b5 14. axb5 axb5 15. b3 Nd4 16. Ne3 bxc4 17. dxc4 Ba4 18. Nxd4 Bxd4 19. Qd3 0-0 20. Kh1 Bd7 21. Nxg4 Bxg4 22. f5 Bg7 23. fxg6 fxg6 24. Bg5 Qe6 25. Kh2 Be5 26. Bh6 Rf6 27. Bg5 Rxf1 28. Rxf1 Rf8 29. Rxf8+ Kxf8 30. Bf3 Ke8 31. Bxg4 Qxg4 32. Kg2 Kd7 33. Qf3 Kc6 34. Qxg4 hxg4 35. Bxe7 Kb6 36. Bd8+ Kc6 37. Ba5 Kb7 38. Bd2 Kb6 39. Bf4 Ka5 40. Bd2+ Kb6 41. Be1 Ka6 42. Kf2 Kb6 43. Ke2 Kc6 44. Kd3 Kb6 45. Kc2 Ka6 46. Kb1 Kb6 47. Ka2 Ka6 48. Ka3 Kb6 49. b4 cxb4+ 50. Kxb4 Kc6 51. Bf2 Bb2 52. Kb3 Be5 53. Kc2 Bf6 54. Kd3 Be5 55. Be1 Kc5 56. Bf2+ Kb4 57. Be1+ Kc5 58. Bf2+ Kb4 1/2-1/2